Plat a odmena pedagogických a školských pracovníkov Súbor všeobecne záväzných právnych a mzdových predpisov s komentárom a aplikláciou na odvetvie školstva, mládeže a športu
Enregistré dans:
| Auteur principal: | |
|---|---|
| Format: | Livre |
| Langue: | slovaque |
| Publié: |
Bratislava
Jurisdat
1992
|
| Édition: | 1. vyd. |
| Tags: |
Pas de tags, Soyez le premier à ajouter un tag!
|
MARC
| LEADER | 00000nam a2200000 4500 | ||
|---|---|---|---|
| 001 | c001218 | ||
| 005 | 20221214090304.5 | ||
| 041 | 0 | |a slo | |
| 044 | |a SK | ||
| 245 | 1 | 0 | |a Plat a odmena pedagogických a školských pracovníkov |b Súbor všeobecne záväzných právnych a mzdových predpisov s komentárom a aplikláciou na odvetvie školstva, mládeže a športu |c Peter Hrčka a kol. |
| 250 | |a 1. vyd. | ||
| 264 | 1 | |a Bratislava |b Jurisdat |c 1992 | |
| 300 | |a Vol. l. 32 s. | ||
| 100 | 1 | |a Hrčka, Peter | |